| 000 | 00471nam a2200145Ia 4500 | ||
|---|---|---|---|
| 008 | 230917s9999||||xx |||||||||||||| ||und|| | ||
| 040 |
_e171737 _aMAIN |
||
| 041 | _aEnglish | ||
| 082 | _a891.43371109 RF298M:YB | ||
| 100 | _aयायवर भारत | ||
| 245 | 0 | _aमैला आँचलः वाद-विवाद और संवाद | |
| 260 |
_aपंचकूला _bआधार प्रकाशन _c2006 |
||
| 300 | _a231 पृ. p. | ||
| 942 | _cHN | ||
| 999 |
_c132872 _d132872 |
||